|
|
|
|
| LEADER |
00743nam a22001697a 4500 |
| 008 |
170310b xxu||||| |||| 00| 0 eng d |
| 020 |
|
|
|a 0761928057
|
| 082 |
|
|
|a 370.72
|
| 100 |
|
|
|a Mertens, Donna M
|
| 245 |
|
|
|a Research and evaluation in education and psychology :
|b integrating diversity with quantitative, qualitative, and mixed methods /
|c Donna M. Mertens .
|
| 250 |
|
|
|a 2ed ed.
|
| 260 |
|
|
|a New Delhi :
|b Sage ,
|c c2005.
|
| 300 |
|
|
|a xxiii, 507p.;
|b 25 cm.
|
| 650 |
|
|
|v Research Methodology
|x Education
|
| 942 |
|
|
|c BK
|
| 999 |
|
|
|c 282902
|d 282902
|
| 952 |
|
|
|0 0
|1 0
|2 ddc
|4 0
|6 370_720000000000000_MER_R
|7 0
|9 320714
|a LLE
|b LLE
|c ST1
|d 2017-03-10
|e The Book Shop Publication Division University of Calicut
|i 1977
|l 0
|o 370.72 MER/R
|p LLE1977
|r 2017-03-10
|v 2738.19
|y BK
|